000 00886nam a2200217Ii 4500
003 JO-AjNU
008 230605s9999||||xx |||||||||||||| ||und||
017 _a2006/8/2293
040 _aJO-AjNU
_bara
_erda
_cJO-AjNU
041 _aara
050 1 4 _aQA135.5.A226 2009
100 3 _aعباس، محمد خليل، م.مشارك محمد مصطفى العبسي,
_eauthor
_957699
245 0 0 _aمناهج واساليب تدريس الرياضيات للمرخلة الاساسية الدنيا
250 _aط2
264 3 1 _aعمان: دار المسيره للنشر والتوزيع،2009
300 _a304ص
_bيتضمن صور توضيحية
336 _atext
_btxt
_2rdacontent
337 _aunmediated
_bn
_2rdamedia
338 _avolume
_bnc
_2rdacarrier
650 4 _aالرياضيات - طرق التدريس - طرق التعليم - التعليم الاساسي
_957700
999 _aA25872
_c29440
_d29440